| 000 | 00557nam a2200205 a 4500 | ||
|---|---|---|---|
| 008 | |||
| 020 | _z0026352541 (hbk.) | ||
| 049 | _aMAIN | ||
| 090 | 0 | _aREF TX349 | |
| 100 | 1 | _aNorton, Elisabeth. | |
| 245 | 1 | 0 |
_aDictionary of food / _cElisabeth Norton. |
| 260 |
_aLondon : _bMills & Boon, _c1969. |
||
| 300 |
_a139 p. : _bill. ; _c22 cm. |
||
| 650 | 0 |
_aFood _xDictionaries. |
|
| 907 |
_a.b10129765 _b25-01-07 _c07-07-04 |
||
| 003 | |||
| 005 | 20230120191411.0 | ||
| 040 | _cNUST | ||
| 942 |
_cBOOKS _kREF TX349 |
||
| 999 |
_c100458 _d100458 |
||